Foundations of intercultural communication / (Record no. 34684)
[ view plain ]
| 000 -LEADER | |
|---|---|
| fixed length control field | 00873nam a2200277 i 4500 |
| 001 - CONTROL NUMBER | |
| control field | 34684 |
| 003 - CONTROL NUMBER IDENTIFIER | |
| rucl marc code | BD-RjUL |
| 005 - DATE AND TIME OF LATEST TRANSACTION | |
| control field | 20211209052209.0 |
| 008 - FIXED-LENGTH DATA ELEMENTS--GENERAL INFORMATION | |
| fixed length control field | 140518s1976 ohua b 00110 eng d |
| 020 ## - INTERNATIONAL STANDARD BOOK NUMBER | |
| International Standard Book Number | 0675086264 |
| 035 ## - SYSTEM CONTROL NUMBER | |
| System control number | (BD-RjUL)34778 |
| 040 ## - CATALOGING SOURCE | |
| Original cataloging agency | DLC |
| Transcribing agency | DLC |
| Modifying agency | BD-RjUL |
| Language of cataloging | eng |
| 041 ## - LANGUAGE CODE | |
| Language code of text/sound track or separate title | eng |
| 082 ## - DEWEY DECIMAL CLASSIFICATION NUMBER | |
| Classification number | 370.117 |
| Author mark and year | SIF 1976 |
| 100 1# - MAIN ENTRY--PERSONAL NAME | |
| Personal name | Sitaram, K. S. |
| 9 (RLIN) | 105526 |
| 245 10 - TITLE STATEMENT | |
| Title | Foundations of intercultural communication / |
| Statement of responsibility, etc. | K. S. Sitaram, Roy T. Cogdell. |
| 260 ## - PUBLICATION, DISTRIBUTION, ETC. (IMPRINT) | |
| Place of publication, distribution, etc. | Columbus, Ohio : |
| Name of publisher, distributor, etc. | C. E. Merrill Pub. Co., |
| Date of publication, distribution, etc. | c1976. |
| 300 ## - PHYSICAL DESCRIPTION | |
| Pagination | x, 245 p. : |
| Illustrations | ill. ; |
| Size | 24 cm. |
| 504 ## - BIBLIOGRAPHY, ETC. NOTE | |
| Bibliography, etc | Includes bibliographical references and index. |
| 650 #0 - SUBJECT ADDED ENTRY--TOPICAL TERM | |
| Topical term or geographic name as entry element | Multicultural education. |
| 9 (RLIN) | 105527 |
| Topical term or geographic name as entry element | Interaction analysis in education. |
| 9 (RLIN) | 17690 |
| 700 10 - ADDED ENTRY--PERSONAL NAME | |
| Personal name | Cogdell, Roy T., |
| Relator term | joint author. |
| 942 ## - ADDED ENTRY ELEMENTS (KOHA) | |
| Source of classification or shelving scheme | Dewey Decimal Classification |
| Koha item type | Books |
| Lost status | Source of classification or shelving scheme | Damaged status | Not for loan | Collection code | Permanent Location | Current Location | Shelving location | Date acquired | Source of acquisition | Cost, normal purchase price | Total Checkouts | Full call number | Date last seen | Copy number | Koha item type |
|---|---|---|---|---|---|---|---|---|---|---|---|---|---|---|---|
| Dewey Decimal Classification | Not For Loan | Non-fiction | Central Library, University of Rajshahi | Central Library, University of Rajshahi | Reading Room | 27/10/1992 | Not Fount. | 0.00 | 370.117 SIF 1976 | 18/05/2014 | C-1 | Books |